00359nam a2200145Ia 4500008004100000020001500041082000800056100001500064245003900079250000800118260003300126300001100159500002400170650001900194230524s9999 xx 000 0 und d a8121913373 bKHU aR.S.Khurmi 2aA Text Book of Thermal Engineering a1ST aNEW DELHIbS.K.Katariac2005 aIV;887 aQuantity Number: 5 aThermodynamics